000 00228nam a2200121Ia 4500
100 _a#N/A
650 _aMangement
942 _cBK
654 _acareer
245 _aEmerging careers
260 _b#N/A
_c2008
546 _aENGLISH
999 _c34133
_d34133